• 首页
  • 本馆介绍
  • 公告通知
  • 最新文献
  • 馆藏检索
  • 电子资源
  • 读者导购
  • 参考咨询
  • 我的图书馆
  • 登录
  • 详细信息显示
  • 放入我的书架
  • 预约/预借图书
  • 作者相关作品
  • 分类相关作品
  • 丛书相关作品
  • 出版社相关作品

书目信息

  • 表格格式
  • 工作单格式
  • 卡片格式
题名:
酵母生产与应用手册
    
 
作者: 于景芝 主编
分册:  
出版信息: 北京   中国轻工业出版社  2005
页数: 737页
开本: 21cm
丛书名:
单 册:
中图分类: TQ926
科图分类:
主题词: 酵母菌科--应用--技术手册 , 酵母菌科--生产工艺--技术手册
电子资源:
ISBN: 7-5019-4938-7
000 01199nam0 2200337 450
000 01162nam0 2200325 450
000 01138nam0 2200325 450
000 01084nam0 2200301 450
000 01102nam0 2200289 450
000 01065nam0 2200277 45
001 TS2006031314
005 20061226094024.62
010    @a7-5019-4938-7@dCNY50.00
100    @a20060829d2005 ekmy0chiy0120 ea
101 0  @achi
102    @aCN@b110000
105    @aa a 000yy
200 1  @a酵母生产与应用手册@AJiao Mu Sheng Chan Yu Ying Yong Shou Ce@dHandbook of the yeast's production and application@f于景芝主编@FYu Jing Zhi Zhu Bian@zeng
210    @a北京@c中国轻工业出版社@d2005
215    @a737页@c图@d21cm
320    @a有书目:第735-737页
510 1  @aHandbook of the yeast's production and application@zeng
606 0  @a酵母菌科@x应用@x技术手册
606 0  @a酵母菌科@x生产工艺@x技术手册
690    @aTQ926@v4
701  0 @a于景芝@ASYu Jing Zhi@4主编
801  0 @aCN@b中图数据@c20061226
905    @a10447@dTQ926@e12
    
    酵母生产与应用手册=Handbook of the yeast's production and application/于景芝主编.-北京:中国轻工业出版社,2005
    737页:图;21cm
    
    
    ISBN 7-5019-4938-7:CNY50.00
    
●
相关链接 在E读中查询图书 在五车中查询图书 在当当中查询图书 在豆瓣中查询图书


正题名:酵母生产与应用手册     索取号:TQ926/12         预约/预借

序号 登录号 条形码 馆藏地/架位号 状态 备注
1 0616206   206162061   第二样本阅览室/ [索取号:TQ926/12] 在馆    
2 0616207   206162070   第三借阅区/ [索取号:TQ926/12] 在馆    
3 0616208   206162089   第三借阅区/ [索取号:TQ926/12] 在馆    
4 0616209   206162098   第三借阅区/ [索取号:TQ926/12] 在馆    
5 0616210   206162105   第三借阅区/ [索取号:TQ926/12] 在馆    
唐山师范学院图书馆 欢迎您!
大连网信软件有限公司© 版权所有